Tim Burton Filmography - Statistics

General Stats
  • This quiz has been taken 79 times
  • The average score is 14 of 20
Answer Stats
Year Movie % Correct
2010 Alice in Wonderland
89%
1988 Beetlejuice
89%
1990 Edward Scissorhands
87%
2005 Charlie and the Chocolate Factory
79%
2005 Corpse Bride
79%
2007 Sweeney Todd: The Demon Barber of Fleet Street
77%
2012 Frankenweenie
75%
1989 Batman
74%
1999 Sleepy Hollow
74%
2024 Beetlejuice Beetlejuice
70%
1992 Batman Returns
68%
2019 Dumbo
68%
2012 Dark Shadows
66%
2003 Big Fish
62%
2014 Big Eyes
60%
1996 Mars Attacks!
58%
1994 Ed Wood
57%
2001 Planet of the Apes
53%
1985 Pee-wee's Big Adventure
51%
2016 Miss Peregrine's Home for Peculiar Children
45%
No matching quizzes found
Score Distribution
Percent of People with Each Score
Percentile by Number Answered
Your Score History
You have not taken this quiz